| 000 | 00701nam a22002055i 4500 | ||
|---|---|---|---|
| 001 | 177597 | ||
| 003 | ES-MaACL | ||
| 005 | 20240209063123.0 | ||
| 008 | 110405s1964 sp |||| | spa d | ||
| 080 | _a351.83:331.4 | ||
| 100 | 1 |
_aFalcón, Lidia, _d1935- _948707 |
|
| 245 | 1 | 4 |
_aLos derechos laborales de la mujer / _cpor Lidia Falcón O'Neill. |
| 260 |
_aMadrid : _bMontecorvo, _c1964. |
||
| 300 |
_a362 p. ; _c25 cm. |
||
| 490 | 1 |
_aMonografías. Colección de estudios jurídicos ; _v9 |
|
| 650 | 4 |
_aMujeres- _xTrabajo. _915318 |
|
| 830 | 1 |
_aMonografías. Colección de estudios jurídicos ; _v9 _9190484 |
|
| 852 | 4 |
_aES-MaACL _jE-14800 _xOlim P-860-bis |
|
| 999 |
_c177597 _d177597 |
||